| 000 | 01102cam a2200325 4500 | ||
|---|---|---|---|
| 008 | 090401t1997 xxu||||| |||| 00| 0 eng d | ||
| 020 | _a0582279410 | ||
| 035 | _a(Sirsi) u22437 | ||
| 041 | _aeng | ||
| 050 | _a696 | ||
| 100 | _aGreeno, Roger | ||
| 245 | _aBuilding services technology and design. | ||
| 260 |
_aHarlow, Essex _bAddison Wesley Longman _c1997 |
||
| 260 |
_aAscot, Berks. _bChartered Institute of Building _c1997 |
||
| 300 | _avi,318p. : ill. ; 24cm. | ||
| 350 | _a15.99 | ||
| 520 | _aPublished in association with the CIOB. | ||
| 650 | _aBUILT ENVIRONMENT-BUILDING ELEMENTS-COMPLETE BUILDING SERVICES ELEMENTS-COMPLETE HEATING, VENTILATION AND AIR CONDITIONING SYSTEMS | ||
| 650 |
_aBlock management _96220 |
||
| 650 | _aDRAINAGE | ||
| 650 | _aELECTRICITY SUPPLY | ||
| 650 | _aGAS SUPPLY | ||
| 650 | _aHEATING AND VENTILATION | ||
| 650 | 2 | 4 | _aEBOOK |
| 650 | _aWATER SUPPLY | ||
| 690 |
_aBlock management _96220 |
||
| 856 |
_uhttps://www.vlebooks.com/ _zView on VLEbooks. Logins for members only from [email protected] |
||
| 942 |
_n0 _2ddc |
||
| 948 | _c04/03/1997 | ||
| 999 |
_c88182 _d88182 |
||